|
|
|
|
| LEADER |
02621nam a2200565 i 4500 |
| 001 |
nkc20203166293 |
| 003 |
CZ PrNK |
| 005 |
20200604113048.0 |
| 007 |
ta |
| 008 |
200102s2019 xr a f f 000 0 cze |
| 015 |
|
|
|a cnb003166293
|
| 020 |
|
|
|a 978-80-87376-60-7
|q (Památník národního písemnictví ;
|q brožováno)
|
| 020 |
|
|
|a 978-80-7050-714-8
|q (Národní knihovna ČR ;
|q brožováno)
|
| 035 |
|
|
|a (OCoLC)1140080389
|
| 040 |
|
|
|a ABA001
|b cze
|e rda
|
| 072 |
|
7 |
|a 025
|x Organizace knihoven a knihovních fondů
|2 Konspekt
|9 12
|
| 080 |
|
|
|a 025.7/.9
|2 MRF
|
| 080 |
|
|
|a 025.85
|2 MRF
|
| 080 |
|
|
|a 676.2:66.094.8
|2 MRF
|
| 080 |
|
|
|a (083.744)
|2 MRF
|
| 100 |
1 |
|
|a Vávrová, Petra
|7 js20090112003
|4 aut
|
| 245 |
1 |
0 |
|a Příprava novodobých knihovních fondů na hromadné odkyselování a kontrola kvality odkyselení - kritéria výběru a proces zpracování /
|c Petra Vávrová, Jitka Neoralová, Lucie Mračková, Tereza Kašťáková
|
| 246 |
1 |
|
|i Název v tiráži:
|a Metodika "Příprava novodobých knihovních fondů na hromadné odkyselování a kontrola kvality odkyselení - kritéria výběru a proces zpracování"
|
| 250 |
|
|
|a 1. vydání
|
| 264 |
|
1 |
|a Praha :
|b Národní knihovna České republiky, odbor ochrany knihovních fondů,
|c 2019
|
| 300 |
|
|
|a 22 stran :
|b barevné ilustrace ;
|c 28 cm
|
| 336 |
|
|
|a text
|b txt
|2 rdacontent
|
| 337 |
|
|
|a bez média
|b n
|2 rdamedia
|
| 338 |
|
|
|a svazek
|b nc
|2 rdacarrier
|
| 500 |
|
|
|a "Vydaly Památník národního písemnictví a Národní knihovna České republiky"--Tiráž
|
| 500 |
|
|
|a Na obálce označení: M3
|
| 504 |
|
|
|a Obsahuje bibliografie
|
| 650 |
0 |
7 |
|a ochrana knihovních fondů
|7 ph115550
|2 czenas
|
| 650 |
0 |
7 |
|a restaurování knihovních fondů
|7 ph135818
|2 czenas
|
| 650 |
0 |
7 |
|a odkyselení papíru
|7 ph986906
|2 czenas
|
| 650 |
0 |
9 |
|a preservation of library collections
|2 eczenas
|
| 650 |
0 |
9 |
|a restoration of library collections
|2 eczenas
|
| 650 |
0 |
9 |
|a deacidification of paper
|2 eczenas
|
| 655 |
|
7 |
|a certifikované metodiky
|7 fd806827
|2 czenas
|
| 655 |
|
9 |
|a methodological manuals
|2 eczenas
|
| 700 |
1 |
|
|a Neoralová, Jitka
|7 jo20181001620
|4 aut
|
| 700 |
1 |
|
|a Mračková, Lucie
|7 js20121217002
|4 aut
|
| 700 |
1 |
|
|a Kašťáková, Tereza,
|d 1983-
|7 jo20201062555
|4 aut
|
| 910 |
2 |
|
|a BOA001
|b 3-1443.487
|
| 928 |
9 |
|
|a Památník národního písemnictví
|
| 990 |
|
|
|a BK
|
| 995 |
|
|
|a 01
|
| 991 |
|
|
|b 202002
|c NOV
|
| 996 |
6 |
|
|b 2610814398
|c 3-1443.487
|l MZK
|r Sklad / do 1 hodiny
|n 0
|p p.v.
|w 001775731
|u 000010
|a 1
|e BOA001
|j MZK50
|s P
|
| 996 |
7 |
|
|b 2610826166
|c 3-1443.487
|l MZK
|r Sklad / do 1 hodiny
|n 4
|p dar
|w 001775731
|u 000020
|a 1
|e BOA001
|j MZK50
|s A
|